| 000 | 00559nam a2200181Ia 4500 | ||
|---|---|---|---|
| 003 | GCL | ||
| 008 | 140319s9999 xx 000 0 ara d | ||
| 040 |
_aGCL / _cGCL |
||
| 082 | 0 | 4 |
_a239.4 _bا ا |
| 245 | 1 | 0 | _aاجتماع الجيوش الاسلامية على غزو المعطلة والجهمية |
| 260 |
_a[S.N] : _bدار الكتب العلمية للنشر والتوزيع ، _c1984 |
||
| 300 | _a224 ص | ||
| 490 | _a | ||
| 650 | 0 | 4 | _aالاسلام |
| 650 | 0 | 4 | _aالجيوش |
| 650 | 0 | 4 | _aالغزوات الاسلامية |
| 942 |
_2ddc _cBK |
||
| 999 |
_c57735 _d57735 |
||